000 00482nam a22001817a 4500
003 CEME
005 20210628203218.0
008 210301b xxu||||| |||| 00| 0 eng d
020 _a0-07-016313-8
040 _c.
082 _a620.11296 DEH
100 _aDehoff, Robert T
_942743
245 _aThermodynamics in materials science
260 _aBOSTON
_bISLAMIC PUBLICATIONS
_c1993
300 _aXV,532P
650 _aMATERIALS SCIENCE, THERMODYNAMICS
_964014
942 _cBK
_2ddc
999 _c572667
_d572667